[Event "HUN-ch U8-U18 2019"]
[Site "Balatonlelle"]
[Date "2019.06.26"]
[Round "7.2"]
[White "Kiraly, Lilla Virag"]
[Black "Suli, Henrietta"]
[Result "0-1"]
[WhiteElo "1557"]
[BlackElo "1107"]
[Annotator "NA RC"]
[PlyCount "48"]
[EventDate "2019.06.21"]
[EventType "swiss"]
[EventCountry "HUN"]
[SourceTitle "playchess.com"]
[Source "ChessBase"]
[SourceQuality "1"]
[TimeControl "40/5400+30:1800+30"]

1. e4 {[%emt 0:00:05]} e5 {[%emt 0:00:05]} 2. Nc3 {[%emt 0:00:10]} Nf6 {[%emt 0:00:12]} 3. Bc4 {[%emt 0:00:13]} Nxe4 {[%emt 0:00:18]} 4. Qh5 {[%emt 0:00:53]} Nd6 {[%emt 0:00:28]} 5. Qxe5+ {[%emt 0:00:43]} Qe7 {[%emt 0:03:18]} 6. Qxe7+ {[%emt 0:00:35]} Bxe7 {[%emt 0:00:15]} 7. Bb3 {[%emt 0:01:11]} b5 {[%emt 0:01:35]} 8. Nf3 {[%emt 0:05:07]} Bb7 {[%emt 0:01:09]} 9. Nd4 {[%emt 0:13:26]} a6 {[%emt 0:04:31]} 10. Bd5 {[%emt 0:02:55]} c6 {[%emt 0:01:29]} 11. Bf3 {[%emt 0:00:46]} Bf6 {[%emt 0:04:18]} 12. Nb3 {[%emt 0:09:29]} Nc4 {[%emt 0:09:24]} 13. Ne4 {[%emt 0:08:20]} Be5 {[%emt 0:08:19]} 14. c3 {[%emt 0:06:08]} d5 {[%emt 0:04:01]} 15. Nec5 {[%emt 0:04:55]} Bc8 {[%emt 0:01:45]} 16. d3 {[%emt 0:06:19]} Nd6 {[%emt 0:03:18]} 17. a4 {[%emt 0:15:03]} Nd7 {[%emt 0:08:50]} 18. axb5 {[%emt 0:02:41]} Nxb5 {[%emt 0:02:26]} 19. c4 {[%emt 0:03:16]} Nxc5 {[%emt 0:06:08]} 20. Nxc5 {[%emt 0:05:58]} Nd4 {[%emt 0:02:15]} 21. Bd1 {[%emt 0:06:27]} Bd6 {[%emt 0:03:25]} 22. Nb3 {[%emt 0:05:10]} c5 {[%emt 0:02:18]} 23. Nxd4 {[%emt 0:00:33]} cxd4 {[%emt 0:00:47]} 24. Bf3 {[%emt 0:00:44]} Ra7 {[%emt 0:02:34]} 0-1

[Event "HUN-ch U8-U18 2019"]
[Site "Balatonlelle"]
[Date "2019.06.26"]
[Round "7.3"]
[White "Lukacs, Anna Kata"]
[Black "Gombocz, Zsofia"]
[Result "1-0"]
[WhiteElo "1915"]
[BlackElo "2077"]
[Annotator "NA RC"]
[PlyCount "101"]
[EventDate "2019.06.21"]
[EventType "swiss"]
[EventCountry "HUN"]
[SourceTitle "playchess.com"]
[Source "ChessBase"]
[SourceQuality "1"]
[TimeControl "40/5400+30:1800+30"]

1. e4 {[%emt 0:00:04]} e5 {[%emt 0:00:07]} 2. Nc3 {[%emt 0:00:00]} Nf6 {[%emt 0:00:08]} 3. f4 {[%emt 0:00:01]} d5 {[%emt 0:00:11]} 4. fxe5 {[%emt 0:00:17]} Nxe4 {[%emt 0:00:10]} 5. Qf3 {[%emt 0:00:14]} f5 {[%emt 0:18:24]} 6. Nh3 {[%emt 0:01:42]} Bc5 {[%emt 0:00:38]} 7. d3 {[%emt 0:00:08]} Nxc3 {[%emt 0:01:14]} 8. bxc3 {[%emt 0:00:27]} d4 {[%emt 0:03:17]} 9. Bg5 {[%emt 0:11:20]} Qd7 {[%emt 0:00:30]} 10. Nf4 {[%emt 0:00:30]} O-O {[%emt 0:00:30]} 11. e6 {[%emt 0:00:30]} Qc6 {[%emt 0:00:30]} 12. Be2 {[%emt 0:00:30]} dxc3 {[%emt 0:00:30]} 13. e7 {[%emt 0:00:30]} Re8 {[%emt 0:00:30]} 14. Qd5+ {[%emt 0:00:30]} Qxd5 {[%emt 0:00:30]} 15. Nxd5 {[%emt 0:00:30]} Bd6 {[%emt 0:16:47]} 16. Bh5 {[%emt 0:33:25]} g6 {[%emt 0:03:04]} 17. Nf6+ {[%emt 0:00:20]} Kf7 {[%emt 0:00:09]} 18. Nxe8 {[%emt 0:00:30]} Kxe8 {[%emt 0:01:01]} 19. Bf3 {[%emt 0:00:27]} Bxe7 {[%emt 0:00:32]} 20. Bxe7 Kxe7 {[%emt 0:00:13]} 21. Rb1 {[%emt 0:01:29]} c6 {[%emt 0:02:49]} 22. Kf2 {[%emt 0:00:47]} Nd7 {[%emt 0:02:32]} 23. Rhe1+ {[%emt 0:00:36]} Kf7 {[%emt 0:00:52]} 24. Rb3 {[%emt 0:00:50]} Nb6 {[%emt 0:01:08]} 25. Rxc3 {[%emt 0:04:26]} Be6 {[%emt 0:00:41]} 26. Rc5 {[%emt 0:02:54]} Nd7 {[%emt 0:04:30]} 27. Ra5 {[%emt 0:03:16]} a6 {[%emt 0:03:05]} 28. a3 {[%emt 0:03:25]} Ra7 {[%emt 0:01:35]} 29. Ra4 {[%emt 0:01:36]} a5 {[%emt 0:00:53]} 30. Rd4 {[%emt 0:01:25]} Ke7 {[%emt 0:04:27]} 31. g4 {[%emt 0:06:01]} c5 {[%emt 0:03:09]} 32. Rf4 {[%emt 0:00:58]} Kf6 {[%emt 0:00:56]} 33. gxf5 {[%emt 0:00:30]} Bxf5 {[%emt 0:01:38]} 34. Be4 {[%emt 0:03:53]} Ne5 {[%emt 0:02:02]} 35. Rb1 {[%emt 0:04:08]} Kg5 {[%emt 0:05:48]} 36. Kg3 {[%emt 0:00:57]} Nd7 {[%emt 0:05:04]} 37. h4+ {[%emt 0:03:26]} Kf6 {[%emt 0:00:54]} 38. Rxb7 {[%emt 0:02:14]} Rxb7 {[%emt 0:00:46]} 39. Bxb7 {[%emt 0:00:07]} Nb6 {[%emt 0:00:29]} 40. Be4 {[%emt 0:00:00]} Ke5 {[%emt 0:00:00]} 41. Bxf5 {[%emt 0:02:12]} gxf5 {[%emt 0:01:11]} 42. Rf1 {[%emt 0:02:00]} Nd5 {[%emt 0:01:29]} 43. Kf3 {[%emt 0:08:09]} Kd4 {[%emt 0:12:36]} 44. Ke2 {[%emt 0:02:33]} f4 {[%emt 0:00:34]} 45. Kd2 {[%emt 0:01:00]} Ke5 {[%emt 0:01:26]} 46. Rg1 {[%emt 0:02:04]} Ne3 {[%emt 0:00:54]} 47. Rg7 {[%emt 0:02:12]} h6 {[%emt 0:00:24]} 48. Ra7 {[%emt 0:01:41]} Nf5 {[%emt 0:01:32]} 49. Rxa5 {[%emt 0:02:06]} Kd5 {[%emt 0:01:50]} 50. Ra4 {[%emt 0:04:26]} Ke5 {[%emt 0:00:29]} 51. Rc4 {[%emt 0:01:38]} 1-0

[Event "HUN-ch U8-U18 2019"]
[Site "Balatonlelle"]
[Date "2019.06.26"]
[Round "7.3"]
[White "Nandin-Erdene, Davaademberel"]
[Black "Karacsonyi, Luca"]
[Result "0-1"]
[WhiteElo "1581"]
[BlackElo "1470"]
[Annotator "NA RC"]
[PlyCount "110"]
[EventDate "2019.06.21"]
[EventType "swiss"]
[EventCountry "HUN"]
[SourceTitle "playchess.com"]
[Source "ChessBase"]
[SourceQuality "1"]
[TimeControl "40/5400+30:1800+30"]

1. e4 {[%emt 0:00:02]} c5 {[%emt 0:00:08]} 2. Nf3 {[%emt 0:00:05]} Nc6 {[%emt 0:00:20]} 3. d4 {[%emt 0:00:10]} cxd4 {[%emt 0:00:06]} 4. Nxd4 {[%emt 0:00:08]} Nf6 {[%emt 0:00:12]} 5. Nc3 {[%emt 0:00:07]} e5 {[%emt 0:00:24]} 6. Ndb5 {[%emt 0:00:34]} d6 {[%emt 0:00:23]} 7. Bg5 {[%emt 0:00:07]} a6 {[%emt 0:00:18]} 8. Na3 {[%emt 0:00:06]} b5 {[%emt 0:00:15]} 9. Nd5 {[%emt 0:00:11]} Be7 {[%emt 0:00:08]} 10. Bxf6 {[%emt 0:00:09]} Bxf6 {[%emt 0:00:10]} 11. c4 {[%emt 0:00:13]} bxc4 {[%emt 0:05:35]} 12. Nxc4 {[%emt 0:01:52]} Nd4 {[%emt 0:09:07]} 13. Ndb6 {[%emt 0:10:36]} Rb8 {[%emt 0:00:59]} 14. Qa4+ Bd7 {[%emt 0:02:26]} 15. Nxd6+ {[%emt 0:11:01]} Ke7 {[%emt 0:01:35]} 16. Nxd7 {[%emt 0:01:50]} Qxd7 {[%emt 0:01:08]} 17. Nf5+ {[%emt 0:00:41]} Ke8 {[%emt 0:06:33]} 18. Qxd7+ {[%emt 0:01:08]} Kxd7 {[%emt 0:00:14]} 19. Rd1 {[%emt 0:09:57]} Rxb2 {[%emt 0:03:10]} 20. f4 {[%emt 0:09:07]} Ke8 {[%emt 0:01:50]} 21. Nxd4 {[%emt 0:05:35]} exd4 {[%emt 0:01:04]} 22. a4 {[%emt 0:05:46]} Bh4+ {[%emt 0:07:41]} 23. g3 {[%emt 0:00:20]} Rxh2 {[%emt 0:00:08]} 24. Rg1 {[%emt 0:03:40]} Bd8 {[%emt 0:01:34]} 25. Bxa6 {[%emt 0:19:04]} h5 {[%emt 0:04:02]} 26. Rxd4 {[%emt 0:09:27]} Bb6 {[%emt 0:00:21]} 27. Bb5+ {[%emt 0:03:58]} Kf8 {[%emt 0:00:56]} 28. Rd6 {[%emt 0:01:02]} Bxg1 {[%emt 0:02:02]} 29. Rd8+ {[%emt 0:00:05]} Ke7 {[%emt 0:00:14]} 30. Rxh8 {[%emt 0:00:05]} Bf2+ {[%emt 0:00:35]} 31. Kf1 {[%emt 0:01:28]} Bxg3 {[%emt 0:00:33]} 32. e5 {[%emt 0:00:37]} Ke6 {[%emt 0:02:19]} 33. Bc4+ {[%emt 0:01:06]} Kf5 {[%emt 0:00:59]} 34. Bxf7 {[%emt 0:00:22]} Bxf4 {[%emt 0:02:10]} 35. e6 {[%emt 0:02:04]} Bd6 {[%emt 0:01:04]} 36. Rd8 {[%emt 0:00:38]} Be7 {[%emt 0:01:27]} 37. Rd5+ {[%emt 0:01:19]} Kf6 {[%emt 0:00:34]} 38. a5 {[%emt 0:00:32]} h4 {[%emt 0:00:53]} 39. Kg1 {[%emt 0:01:18]} Ra2 {[%emt 0:01:04]} 40. Rh5 {[%emt 0:00:00]} Ra4 {[%emt 0:00:00]} 41. Kg2 {[%emt 0:01:14]} Ra3 {[%emt 0:04:24]} 42. Kf2 {[%emt 0:05:08]} Bd8 {[%emt 0:03:42]} 43. Rxh4 {[%emt 0:01:36]} Rxa5 {[%emt 0:00:31]} 44. Rg4 {[%emt 0:04:12]} Rg5 {[%emt 0:02:25]} 45. Rd4 {[%emt 0:00:18]} Bb6 {[%emt 0:00:19]} 46. Ke3 {[%emt 0:00:19]} Rg4 {[%emt 0:00:33]} 47. Kf3 {[%emt 0:02:10]} Rxd4 {[%emt 0:00:10]} 48. Kg3 {[%emt 0:00:17]} Re4 {[%emt 0:00:19]} 49. Kf3 {[%emt 0:00:49]} Rxe6 {[%emt 0:00:08]} 50. Bxe6 {[%emt 0:00:07]} Kxe6 {[%emt 0:00:05]} 51. Kg4 {[%emt 0:00:05]} Kf6 {[%emt 0:00:12]} 52. Kf4 {[%emt 0:00:08]} g5+ {[%emt 0:00:17]} 53. Kg4 {[%emt 0:00:06]} Kg6 {[%emt 0:00:06]} 54. Kg3 {[%emt 0:00:10]} Kf5 {[%emt 0:00:04]} 55. Kf3 {[%emt 0:00:05]} g4+ {[%emt 0:00:08]} 0-1

[Event "HUN-ch U8-U18 2019"]
[Site "Balatonlelle"]
[Date "2019.06.26"]
[Round "7.4"]
[White "Karacsonyi, Gellert"]
[Black "Persanyi, Barnabas"]
[Result "1-0"]
[WhiteElo "2304"]
[BlackElo "2404"]
[Annotator "TA"]
[PlyCount "121"]
[EventDate "2019.06.21"]
[EventType "swiss"]
[EventCountry "HUN"]
[SourceTitle "playchess.com"]
[Source "ChessBase"]
[SourceQuality "1"]

{[%evp 17,149,0,0,0,0,0,0,-7,10,0,6,0,0,0,0,0,20,33,34,39,45,45,55,34,23,0,57,0,39,0,0,0,39,23,154,158,141,139,147,142,124,147,191,175,190,175,175,175,355,342,345,360,355,329,373,354,411,238,348,339,332,277,399,299,311,308,315,236,318,318,318,318,318,318,304,304,297,286,227,277,1910,1929,1842,1663,1840,1761,1492,1593,29959,6207,29966,29966,29969,29969,29970,29971,29970,29969,2069,545,475,460,29972,29976,29975,29977,29977,29978,29982,29983,29984,29982,29983,29984,29984,29985,29985,29984,29984,29985,29981,29980,29980,29981,29979,29980,29980,29981,29981,29982,29982,29983,29983,29984]} 1. e4 e5 2. Nf3 Nc6 3. d4 $146 ({Predecessor:} 3. Bc4 Bc5 4. c3 Nf6 5. d4 {½-½ (73) Bosiocic,M (2599)-Tomashevsky,E (2705) St Petersburg 2018}) 3... exd4 4. Bc4 Bc5 5. c3 Nf6 6. e5 d5 7. Bb5 Ne4 8. cxd4 Bb6 9. Nc3 O-O 10. Be3 {C54: Giuoco Piano: 4 c3 Nf6, main lines with 5 d4 and 5 d3} Bg4 11. h3 Bh5 12. Qc2 {The position is equal.} Bg6 {And now ...Nxc3 would win.} 13. Qb3 Ne7 14. O-O c6 {aiming for ...Nxc3.} 15. Bd3 Nxc3 16. Qxc3 Qd7 17. Nh4 Be4 18. f3 Bxd3 19. Qxd3 Ng6 20. Nf5 Ne7 21. Nh4 Ng6 22. Nf5 Ne7 23. g4 Nxf5 24. gxf5 g6 (24... f6 $5 {[%cal Rf6e5]} 25. e6 Qd6 $11) 25. Kh2 Qxf5 (25... f6 $11 {remains equal.}) 26. Qxf5 $16 gxf5 27. Bh6 $1 {Threatening mate with Rg1+.} Kh8 28. Bxf8 Rxf8 {[%mdl 4096] Endgame KRR-KRB} 29. Rad1 Rg8 30. f4 Rg6 31. Rf3 Kg8 32. Rb3 h5 $2 (32... Kf8 33. a4 Rg7) 33. Rg3 $18 Kf8 34. Rxg6 fxg6 {KR-KB} 35. Kg3 Kf7 36. Kf3 Bd8 37. Rg1 (37. Rd3 $142) 37... Be7 (37... h4 {might work better.} 38. Rc1 Bb6) 38. Rc1 Ke6 39. Rc3 Bf8 (39... Kd7 $142 40. Kg2 Bh4) 40. a4 Bb4 41. Rb3 a5 42. Kg3 Be1+ 43. Kg2 Bb4 44. h4 Kf7 45. Kf2 Ke6 46. Ke2 Kf7 47. Kd1 Ke6 48. Kc2 Kf7 $2 {[#]} (48... b6 49. Kd1 Ke7) 49. Rxb4 $1 {[%mdl 512]} axb4 {[#] KP-KP} 50. a5 $1 Ke6 51. Kb3 Ke7 52. Kxb4 Ke6 53. Kc5 g5 54. Kb6 gxf4 55. Kxb7 f3 56. a6 f2 57. a7 f1=Q 58. a8=Q {[%cal Ra8e8] KQ-KQ} Qb5+ 59. Kc7 {[%cal Ra8e8]} f4 (59... Kf7 $18 60. Qc8 (60. Qxc6 Qxc6+ 61. Kxc6 Ke6 $11) 60... Qa5+ 61. Kxc6 Qa4+ 62. Kd6 Qb4+ 63. Kxd5 Qb3+ 64. Qc4 Qb8) 60. Qc8+ {White mates.} Kf7 61. e6+ {Played: Qc8-f5} 1-0

[Event "HUN-ch U8-U18 2019"]
[Site "Balatonlelle"]
[Date "2019.06.26"]
[Round "7.4"]
[White "Gabor, Maria"]
[Black "Szarvas, Nora"]
[Result "1-0"]
[WhiteElo "1308"]
[BlackElo "1258"]
[Annotator "NA RC"]
[PlyCount "121"]
[EventDate "2019.06.21"]
[EventType "swiss"]
[EventCountry "HUN"]
[SourceTitle "playchess.com"]
[Source "ChessBase"]
[SourceQuality "1"]
[TimeControl "40/5400+30:1800+30"]

1. e4 {[%emt 0:00:02]} g6 {[%emt 0:00:09]} 2. d4 {[%emt 0:00:12]} Bg7 {[%emt 0:00:10]} 3. Nc3 {[%emt 0:00:25]} c5 {[%emt 0:02:38]} 4. Be3 {[%emt 0:09:31]} Qb6 {[%emt 0:04:48]} 5. Nd5 {[%emt 0:05:00]} Qa5+ {[%emt 0:09:21]} 6. Bd2 {[%emt 0:18:46]} Qd8 {[%emt 0:02:30]} 7. Bf4 {[%emt 0:01:12]} d6 {[%emt 0:02:56]} 8. dxc5 {[%emt 0:01:24]} e6 {[%emt 0:11:17]} 9. Nc3 {[%emt 0:00:36]} Bxc3+ {[%emt 0:02:11]} 10. bxc3 {[%emt 0:00:20]} d5 {[%emt 0:06:03]} 11. exd5 {[%emt 0:01:24]} Qxd5 {[%emt 0:01:50]} 12. Qxd5 {[%emt 0:00:45]} exd5 {[%emt 0:00:10]} 13. O-O-O {[%emt 0:01:35]} Be6 {[%emt 0:03:31]} 14. Bb5+ {[%emt 0:03:36]} Nc6 {[%emt 0:00:29]} 15. Nf3 {[%emt 0:00:46]} O-O-O {[%emt 0:01:06]} 16. Rhe1 {[%emt 0:00:54]} Nge7 {[%emt 0:01:28]} 17. Bg5 {[%emt 0:00:55]} Rde8 {[%emt 0:01:18]} 18. Bf6 {[%emt 0:00:39]} Rhg8 {[%emt 0:01:52]} 19. Nd4 {[%emt 0:03:44]} Bd7 {[%emt 0:00:54]} 20. Bxc6 {[%emt 0:07:56]} Nxc6 {[%emt 0:00:22]} 21. Rxe8+ {[%emt 0:01:58]} Rxe8 {[%emt 0:00:24]} 22. Nb5 {[%emt 0:01:46]} Re2 {[%emt 0:01:35]} 23. Bh4 {[%emt 0:01:12]} Be6 {[%emt 0:01:20]} 24. Nd6+ {[%emt 0:01:56]} Kc7 {[%emt 0:00:39]} 25. Bg3 {[%emt 0:00:19]} Kd7 {[%emt 0:07:04]} 26. Nxb7 {[%emt 0:00:20]} Ke7 {[%emt 0:00:49]} 27. Nd6 {[%emt 0:04:01]} a6 {[%emt 0:01:16]} 28. Rd2 {[%emt 0:02:49]} Rxd2 {[%emt 0:00:37]} 29. Kxd2 {[%emt 0:00:06]} h5 {[%emt 0:00:45]} 30. h4 {[%emt 0:01:05]} f6 {[%emt 0:00:33]} 31. a3 {[%emt 0:06:17]} g5 {[%emt 0:00:44]} 32. Kd3 {[%emt 0:00:57]} Kd7 {[%emt 0:02:16]} 33. c4 {[%emt 0:00:57]} dxc4+ {[%emt 0:01:47]} 34. Nxc4 {[%emt 0:00:09]} Bxc4+ {[%emt 0:00:15]} 35. Kxc4 {[%emt 0:00:07]} Na5+ {[%emt 0:00:27]} 36. Kd5 {[%emt 0:01:38]} Nc6 {[%emt 0:00:44]} 37. hxg5 {[%emt 0:00:29]} fxg5 {[%emt 0:00:12]} 38. Be5 {[%emt 0:01:40]} Ne7+ {[%emt 0:01:22]} 39. Ke4 {[%emt 0:00:22]} g4 {[%emt 0:00:43]} 40. Bf6 {[%emt 0:00:00]} Ng6 {[%emt 0:00:00]} 41. Kf5 {[%emt 0:02:46]} Nf8 {[%emt 0:00:56]} 42. Bh4 {[%emt 0:02:56]} Kc6 {[%emt 0:00:39]} 43. Kg5 {[%emt 0:00:30]} Kxc5 {[%emt 0:00:20]} 44. Kxh5 {[%emt 0:00:11]} Ne6 {[%emt 0:00:31]} 45. Kxg4 {[%emt 0:01:22]} Kb5 {[%emt 0:00:12]} 46. f4 {[%emt 0:00:31]} Nxf4 {[%emt 0:00:25]} 47. Kxf4 {[%emt 0:00:07]} Ka4 {[%emt 0:00:05]} 48. g4 {[%emt 0:00:04]} Kxa3 {[%emt 0:00:16]} 49. g5 {[%emt 0:00:05]} Kb2 {[%emt 0:00:19]} 50. g6 {[%emt 0:00:04]} a5 {[%emt 0:00:09]} 51. g7 {[%emt 0:00:03]} a4 {[%emt 0:00:08]} 52. g8=Q {[%emt 0:00:05]} a3 {[%emt 0:00:07]} 53. Qb3+ {[%emt 0:00:14]} Kc1 {[%emt 0:00:24]} 54. Qxa3+ {[%emt 0:00:13]} Kd2 {[%emt 0:00:26]} 55. Qd3+ {[%emt 0:00:24]} Kc1 {[%emt 0:00:11]} 56. Bf6 {[%emt 0:00:48]} Kb1 {[%emt 0:00:42]} 57. c4+ {[%emt 0:00:16]} Kc1 {[%emt 0:00:11]} 58. Qc3+ {[%emt 0:00:41]} Kd1 {[%emt 0:00:15]} 59. Bd4 {[%emt 0:00:33]} Ke2 {[%emt 0:00:16]} 60. Qe3+ {[%emt 0:00:12]} Kf1 {[%emt 0:00:52]} 61. Qf2# {[%emt 0:00:06]} 1-0

[Event "HUN-ch U8-U18 2019"]
[Site "Balatonlelle"]
[Date "2019.06.26"]
[Round "7.5"]
[White "Geher, Koppany"]
[Black "Tapodi, Norman Lajos"]
[Result "1/2-1/2"]
[WhiteElo "2089"]
[BlackElo "2043"]
[Annotator "NA RC"]
[PlyCount "91"]
[EventDate "2019.06.21"]
[EventType "swiss"]
[EventCountry "HUN"]
[SourceTitle "playchess.com"]
[Source "ChessBase"]
[SourceQuality "1"]
[TimeControl "40/5400+30:1800+30"]

1. e4 {[%emt 0:00:02]} c5 {[%emt 0:00:07]} 2. Nf3 {[%emt 0:00:07]} d6 {[%emt 0:00:17]} 3. d4 {[%emt 0:00:07]} cxd4 {[%emt 0:00:15]} 4. Nxd4 {[%emt 0:00:06]} Nf6 {[%emt 0:00:18]} 5. Nc3 {[%emt 0:00:08]} a6 {[%emt 0:00:29]} 6. h3 {[%emt 0:00:11]} e6 {[%emt 0:00:36]} 7. g4 {[%emt 0:00:54]} Nfd7 {[%emt 0:00:25]} 8. g5 {[%emt 0:03:23]} b5 {[%emt 0:04:02]} 9. Be3 {[%emt 0:08:30]} Bb7 {[%emt 0:02:12]} 10. f3 {[%emt 0:01:20]} Be7 {[%emt 0:01:14]} 11. h4 {[%emt 0:02:05]} Nc6 {[%emt 0:09:32]} 12. Nxc6 {[%emt 0:05:27]} Bxc6 {[%emt 0:00:23]} 13. Bd4 {[%emt 0:04:40]} O-O {[%emt 0:04:45]} 14. Qd2 {[%emt 0:07:01]} b4 {[%emt 0:16:43]} 15. Ne2 {[%emt 0:02:12]} a5 {[%emt 0:13:37]} 16. O-O-O {[%emt 0:05:51]} Ne5 {[%emt 0:08:47]} 17. Ng1 {[%emt 0:10:06]} Qc7 {[%emt 0:07:14]} 18. Kb1 {[%emt 0:00:56]} Rfc8 {[%emt 0:01:35]} 19. Rc1 {[%emt 0:05:20]} d5 {[%emt 0:04:32]} 20. f4 {[%emt 0:09:20]} Nc4 {[%emt 0:01:45]} 21. Qh2 {[%emt 0:01:57]} Bb7 {[%emt 0:05:52]} 22. g6 {[%emt 0:03:15]} fxg6 {[%emt 0:03:06]} 23. h5 {[%emt 0:01:02]} g5 {[%emt 0:00:57]} 24. Bh3 {[%emt 0:01:49]} Ra6 {[%emt 0:00:38]} 25. e5 {[%emt 0:06:00]} b3 {[%emt 0:04:05]} 26. axb3 {[%emt 0:01:53]} Bc5 {[%emt 0:01:19]} 27. Qf2 {[%emt 0:03:30]} Bxd4 {[%emt 0:02:50]} 28. Qxd4 {[%emt 0:00:02]} Qb6 {[%emt 0:00:12]} 29. Qxb6 {[%emt 0:01:58]} Nd2+ {[%emt 0:00:19]} 30. Ka2 {[%emt 0:00:13]} Rxb6 {[%emt 0:00:10]} 31. Ne2 {[%emt 0:05:53]} Ne4 {[%emt 0:03:38]} 32. Nd4 {[%emt 0:07:42]} Re8 {[%emt 0:00:26]} 33. fxg5 {[%emt 0:01:07]} Nxg5 {[%emt 0:00:15]} 34. Rcg1 {[%emt 0:00:55]} h6 {[%emt 0:00:18]} 35. c3 {[%emt 0:01:04]} Bc8 {[%emt 0:00:40]} 36. Rf1 {[%emt 0:01:16]} Rf8 {[%emt 0:01:04]} 37. Rxf8+ {[%emt 0:00:06]} Kxf8 {[%emt 0:00:06]} 38. Rf1+ {[%emt 0:00:53]} Ke7 {[%emt 0:00:07]} 39. Bg2 {[%emt 0:00:10]} Bd7 {[%emt 0:00:30]} 40. Ka3 {[%emt 0:00:00]} Be8 {[%emt 0:00:00]} 41. Rh1 {[%emt 0:01:36]} Rb8 {[%emt 0:06:28]} 42. Bf1 {[%emt 0:14:47]} Bd7 {[%emt 0:03:05]} 43. Bd3 {[%emt 0:01:24]} Rf8 {[%emt 0:01:51]} 44. Rf1 {[%emt 0:00:41]} Rxf1 {[%emt 0:06:47]} 45. Bxf1 {[%emt 0:00:02]} Be8 {[%emt 0:02:52]} 46. Be2 {[%emt 0:03:18]} 1/2-1/2

[Event "HUN-ch U8-U18 2019"]
[Site "Balatonlelle"]
[Date "2019.06.26"]
[Round "7.5"]
[White "Toth, Timea"]
[Black "Eros, Vivien"]
[Result "0-1"]
[WhiteElo "1964"]
[BlackElo "1317"]
[Annotator "NA RC"]
[PlyCount "144"]
[EventDate "2019.06.21"]
[EventType "swiss"]
[EventCountry "HUN"]
[SourceTitle "playchess.com"]
[Source "ChessBase"]
[SourceQuality "1"]
[TimeControl "40/5400+30:1800+30"]

1. e4 {[%emt 0:00:03]} c5 {[%emt 0:00:05]} 2. Nf3 {[%emt 0:00:17]} Nc6 3. d4 {[%emt 0:00:00]} cxd4 {[%emt 0:00:00]} 4. Nxd4 {[%emt 0:00:00]} g6 {[%emt 0:00:11]} 5. Nc3 {[%emt 0:00:05]} Bg7 {[%emt 0:00:16]} 6. Be3 {[%emt 0:00:08]} Nf6 {[%emt 0:00:26]} 7. Bc4 {[%emt 0:00:11]} Qa5 {[%emt 0:00:17]} 8. Nxc6 {[%emt 0:00:54]} bxc6 {[%emt 0:00:21]} 9. Qd3 {[%emt 0:03:34]} Rb8 {[%emt 0:04:32]} 10. Bb3 {[%emt 0:04:42]} O-O {[%emt 0:01:17]} 11. O-O {[%emt 0:16:31]} Ba6 {[%emt 0:00:49]} 12. Qd4 {[%emt 0:08:16]} Bxf1 {[%emt 0:04:49]} 13. Rxf1 {[%emt 0:00:10]} d6 {[%emt 0:28:38]} 14. Qxa7 {[%emt 0:17:40]} Qxa7 {[%emt 0:00:07]} 15. Bxa7 {[%emt 0:03:19]} Ra8 {[%emt 0:00:22]} 16. Be3 {[%emt 0:00:20]} Rfd8 {[%emt 0:12:59]} 17. f4 {[%emt 0:16:32]} Bh6 {[%emt 0:03:57]} 18. Ba4 {[%emt 0:09:59]} Rac8 {[%emt 0:02:09]} 19. Bb6 {[%emt 0:03:53]} Rf8 {[%emt 0:00:36]} 20. Bb3 {[%emt 0:01:42]} Rb8 {[%emt 0:04:02]} 21. Be3 {[%emt 0:04:37]} e5 {[%emt 0:00:24]} 22. g3 {[%emt 0:00:36]} exf4 {[%emt 0:02:32]} 23. Bxf4 {[%emt 0:00:05]} Bxf4 {[%emt 0:00:14]} 24. gxf4 {[%emt 0:00:04]} Rfe8 {[%emt 0:05:33]} 25. e5 {[%emt 0:01:47]} dxe5 {[%emt 0:00:42]} 26. fxe5 {[%emt 0:00:31]} Nd5 {[%emt 0:00:47]} 27. Nxd5 {[%emt 0:00:32]} cxd5 {[%emt 0:00:06]} 28. Bxd5 {[%emt 0:00:01]} Rf8 {[%emt 0:00:28]} 29. b3 {[%emt 0:01:51]} Rb5 {[%emt 0:01:08]} 30. c4 {[%emt 0:00:10]} Rbb8 {[%emt 0:01:48]} 31. c5 {[%emt 0:01:01]} Rb5 {[%emt 0:01:07]} 32. e6 {[%emt 0:02:12]} fxe6 {[%emt 0:01:10]} 33. Bxe6+ {[%emt 0:00:05]} Kg7 {[%emt 0:00:27]} 34. Rc1 {[%emt 0:00:27]} Rf6 {[%emt 0:05:04]} 35. Bd7 {[%emt 0:00:18]} Rb7 {[%emt 0:00:21]} 36. c6 {[%emt 0:00:07]} Rc7 {[%emt 0:00:21]} 37. b4 {[%emt 0:00:23]} Rf8 {[%emt 0:01:57]} 38. Re1 {[%emt 0:01:13]} Kf7 {[%emt 0:00:41]} 39. b5 {[%emt 0:00:00]} Rb8 {[%emt 0:00:00]} 40. Rb1 {[%emt 0:00:00]} Ke7 {[%emt 0:00:00]} 41. Bh3 {[%emt 0:05:03]} Kd6 {[%emt 0:04:29]} 42. a4 {[%emt 0:02:56]} Ra8 {[%emt 0:01:56]} 43. Ra1 {[%emt 0:02:50]} Kc5 {[%emt 0:02:29]} 44. Bg2 {[%emt 0:00:38]} Kb6 {[%emt 0:01:39]} 45. Be4 {[%emt 0:04:36]} Ra5 {[%emt 0:04:28]} 46. Kf2 {[%emt 0:05:00]} Rca7 {[%emt 0:00:21]} 47. Bc2 {[%emt 0:00:47]} Rxb5 {[%emt 0:02:08]} 48. Rc1 {[%emt 0:06:38]} Rc5 {[%emt 0:01:35]} 49. Rb1+ {[%emt 0:02:35]} Kxc6 {[%emt 0:00:40]} 50. Be4+ {[%emt 0:00:14]} Kc7 {[%emt 0:00:12]} 51. Ra1 {[%emt 0:03:50]} Rc4 {[%emt 0:00:28]} 52. Bd5 {[%emt 0:01:08]} Rcxa4 {[%emt 0:00:35]} 53. Rxa4 {[%emt 0:00:19]} Rxa4 {[%emt 0:00:06]} 54. Bg8 {[%emt 0:00:07]} h6 {[%emt 0:00:17]} 55. Bh7 {[%emt 0:00:09]} g5 {[%emt 0:00:10]} 56. Kg3 {[%emt 0:00:24]} Kd6 {[%emt 0:00:33]} 57. Bg6 {[%emt 0:01:19]} Ke5 {[%emt 0:01:13]} 58. Bh5 {[%emt 0:00:16]} Kf5 {[%emt 0:01:26]} 59. h3 {[%emt 0:01:10]} Ra3+ {[%emt 0:00:42]} 60. Kg2 {[%emt 0:02:30]} Kf4 {[%emt 0:02:32]} 61. Bg4 {[%emt 0:00:26]} Rg3+ {[%emt 0:00:35]} 62. Kf2 {[%emt 0:00:19]} Rxg4 {[%emt 0:00:21]} 63. hxg4 {[%emt 0:00:10]} Kxg4 {[%emt 0:00:09]} 64. Kg2 {[%emt 0:00:10]} h5 {[%emt 0:00:14]} 65. Kh2 {[%emt 0:00:07]} Kf3 {[%emt 0:00:17]} 66. Kh3 {[%emt 0:00:30]} g4+ {[%emt 0:00:18]} 67. Kh2 {[%emt 0:00:11]} Kf2 {[%emt 0:00:27]} 68. Kh1 {[%emt 0:00:07]} h4 {[%emt 0:00:03]} 69. Kh2 {[%emt 0:00:07]} g3+ {[%emt 0:00:13]} 70. Kh1 {[%emt 0:00:06]} g2+ {[%emt 0:00:04]} 71. Kh2 {[%emt 0:00:04]} g1=Q+ {[%emt 0:00:25]} 72. Kh3 {[%emt 0:00:03]} Qg3# {[%emt 0:00:16]} 0-1